000
00327nam a22001457a 4500
005
20230607170428.0
008
230607b |||||||| |||| 00| 0 eng d
020
_a
9780140280197
082
_a
621.3815
_b
GRE-P
100
_a
Greene Robert
245
_a
Power
260
_a
India
_c
1998
650
_a
Engineering
999
_c
18640
_d
18640